000
00216nam a2200097Ia 4500
008
120527s9999 xx 000 0 und d
100
_a
TAKESHI, Nagawa
245
_a
The japanese house
260
_b
Ogata
942
_c
BK
999
_c
25269
_d
25269